Recomposición de la izquierda política (Editorial)
Uloženo v:
| Médium: | Text |
|---|---|
| Témata: | |
| Tagy: |
Přidat tag
Žádné tagy, Buďte první, kdo vytvoří štítek k tomuto záznamu!
|
MARC
| LEADER | 00000 a a2200000 04500 | ||
|---|---|---|---|
| 001 | 1933 | ||
| 003 | |||
| 040 | |||
| 245 | |a Recomposición de la izquierda política (Editorial) | ||
| 650 | |a ANALISIS HISTORICO | ||
| 650 | |a IDEOLOGIAS POLITICAS | ||
| 650 | |a POLITICA | ||
| 650 | |a PODER POLITICO | ||
| 650 | |a AFILIACION POLITICA | ||
| 773 | |g número 28; páginas 3-10 | ||
| 999 | |c 30167 |d 30167 | ||
